ARRUPE JESUIT UNIVERSITY

CORONAVIRUS -STOP THE SPREAD - CLEAN,DISINFECT,COVER

Heidegger's Being and time and the possibility of political philosophy / (Record no. 126578)

MARC details
000 -LEADER
fixed length control field 01772cam a22003858i 4500
001 - CONTROL NUMBER
control field 19372247
003 - CONTROL NUMBER IDENTIFIER
control field ARRUPE
005 - DATE AND TIME OF LATEST TRANSACTION
control field 20170808103818.0
008 - FIXED-LENGTH DATA ELEMENTS--GENERAL INFORMATION
fixed length control field 161112r20171981pau 001 0 eng
010 ## - LIBRARY OF CONGRESS CONTROL NUMBER
LC control number 2016047122
020 ## - INTERNATIONAL STANDARD BOOK NUMBER
International Standard Book Number 9781589881174 (alk. paper)
040 ## - CATALOGING SOURCE
Original cataloging agency DLC
Language of cataloging eng
Description conventions rda
Transcribing agency DLC
042 ## - AUTHENTICATION CODE
Authentication code pcc
050 00 - LIBRARY OF CONGRESS CALL NUMBER
Classification number B3279.H48
Item number S4574 2017
082 00 - DEWEY DECIMAL CLASSIFICATION NUMBER
Classification number 111
Edition number 23
300 ## - PHYSICAL DESCRIPTION
Dimensions 22cm.
100 1# - MAIN ENTRY--PERSONAL NAME
Personal name Blitz, Mark,
Relator term author.
9 (RLIN) 9279
245 10 - TITLE STATEMENT
Title Heidegger's Being and time and the possibility of political philosophy /
Statement of responsibility, etc Mark Blitz.
250 ## - EDITION STATEMENT
Edition statement First Paul Dry Books edition.
260 ## - PUBLICATION, DISTRIBUTION, ETC. (IMPRINT)
Place of publication, distribution, etc Philadelphia
Name of publisher, distributor, etc Paul Dry Books
Date of publication, distribution, etc 2017
300 ## - PHYSICAL DESCRIPTION
Extent 288p. ;
500 ## - GENERAL NOTE
General note Originally published: Ithaca : Cornell University Press, 1981.
500 ## - GENERAL NOTE
General note Includes index.
505 0# - FORMATTED CONTENTS NOTE
Formatted contents note Man and being: preliminary characterization, preliminary problems -- Political possibilities and everyday entities -- Human possibilities and human being -- Death, authenticity, and political possibilities -- Temporality, theory, and practice -- Heideggerian history and Heideggerian politics -- Time and the study of history.
600 10 - SUBJECT ADDED ENTRY--PERSONAL NAME
Personal name Heidegger, Martin,
Dates associated with a name 1889-1976.
Title of a work Being and time
9 (RLIN) 34600
650 #0 - SUBJECT ADDED ENTRY--TOPICAL TERM
Topical term or geographic name as entry element Ontology.
9 (RLIN) 34601
650 #0 - SUBJECT ADDED ENTRY--TOPICAL TERM
Topical term or geographic name as entry element Space and time.
9 (RLIN) 2213
650 #0 - SUBJECT ADDED ENTRY--TOPICAL TERM
Topical term or geographic name as entry element Political science
General subdivision Philosophy.
9 (RLIN) 34602
650 #0 - SUBJECT ADDED ENTRY--TOPICAL TERM
Topical term or geographic name as entry element History
General subdivision Philosophy.
9 (RLIN) 34603
906 ## - LOCAL DATA ELEMENT F, LDF (RLIN)
a 7
b cbc
c orignew
d 1
e ecip
f 20
g y-gencatlg
942 ## - ADDED ENTRY ELEMENTS (KOHA)
Source of classification or shelving scheme Library of Congress Classification
Koha item type Monograph ( Printed materials)
Holdings
Withdrawn status Lost status Source of classification or shelving scheme Damaged status Not for loan Collection code Home library Current library Shelving location Date acquired Total Checkouts Full call number Barcode Date last seen Price effective from Koha item type
    Library of Congress Classification     Main Collection ARRUPE LIBRARY ARRUPE LIBRARY Main Collection 08/08/2017   B3279.H48 S4574 2017 46500025438 08/08/2017 08/08/2017 Monograph ( Printed materials)

 

Arrupe Library. PO Box MP320 Mt Pleasant, Harare, Zimbabwe
263 242 745411|librarian@aju.ac.zw